00707cam a2200217 a 45000010008000000030012000080050017000200080041000370200015000780400022000930430030001150820017001451000019001622450090001812600043002713000021003145000006003355040041003416500052003826510055004342972030NUST - PNEC20170116180900.0911221s1991 mnu b 000 0 eng  a0283061103 aDLCcLIBRARYdDLC an-us---aap-----aa-iq--- a956.7043 WIT1 aWitherow, John14aThe Sunday Times : war in the Gulf : a pictorial historycprepared by Barbara Brades. aSt. Paul, MN :bWest Pub. Co.,cc1991. a192 p. ;c21 cm. a" aIncludes bibliographical references. 0aPersian Gulf War, 1991zUnited States.xGeneral 0aUnited StatesxPolitics and governmenty1989-1993.